000 00512nam a22001697a 4500
001 45666
003 BD-DhUET
008 250802b xxu||||| |||| 00| 0 eng d
040 _c0
_dBD-DhUET
100 _aMeher Afroj
245 _aHybrid deep learning model for brain tumor classification using magnetic resonance imaging
260 _aDhaka
_bInstitute of Information and Communication Technology, BUET
_c2025
300 _axiv, 73 p.
501 _aOne CD-ROM
504 _aIncludes bibliographies
942 _cTH
999 _c45666
_d45666